00725nam a2200157 a 4500003000200000005001700002008004100019050002800060100003300088245016200121260009000283300004600373504004100419650007200460650003500532020250428101512.0050808s19uu xx 00 eng d aPHS GV 711.5b.B76 2005 aBrock, Patricia Mary Valdez. aAn Evaluation of coach-athlete barriers of Brent International School Manila and Southville International Schools and Colleges /cPatricia Mary Valdez Brock. aLas Piñas City, Philippines :bSouthville International School and Colleges,c2005. aviii, 55 pages :billustrations ;c28 cm. aIncludes bibliographical references. 2Library of Congress Subject Headings aCoach-athlete relationships. aSportsxCoachingzPhilippines.